| 000 | 02684nam a2200289Ia 4500 | ||
|---|---|---|---|
| 005 | 20171020141221.0 | ||
| 008 | 130821s1678 it fr 1 lat d | ||
| 040 |
_aCo-BoUCM _bspa _cSandra Yazo _dSandra Yazo |
||
| 041 | 0 | _alat | |
| 082 | 0 | 4 |
_a291.38 _220 |
| 092 | _aE07N070 | ||
| 100 | 1 |
_aSamuelli, Francesco Maria _962323 |
|
| 242 | 0 | 0 |
_aProcedimientos nuevos que han de tenerse en cuenta para las sepulturas eclesiásticas que se conceden a los fieles católicos. Controversias sobre temas posibles, dignos de ser conocidos y de convertirse en principios divididos en dos tratados _cDel padre Fray Francisco María Samuelli _yspa |
| 245 | 1 | 0 |
_cR. P. F. Francisci Mariae Samuelli ... _aPraxis nova observanda in Ecclesiastis Sepulturis, christi fidelibus catholicis tradendis: Disputationum controversiae plausibiles sane, ac summopere scitu dignae, & desiderabiles: ... In duos tractatus divisae ... |
| 260 |
_aTaurini [Turín] (Italia) _bSumptibus Iosephi Vernonis [A expensas de José Vernoni] _c1678 |
||
| 300 |
_a[8], 314, [22] páginas _c24 x 18 cm. |
||
| 500 | _aDetalles físicos: Encuadernación flexible en pergamino. Tapas y lomo con arrugas, notorio deterioro en esquina inferior tapas por humedad. Guardas, parcialmente rotas. Portada impresa en una sola tinta con la marca tipográfica del editor. Licencias y permisos. Versos latinos de elogio al autor. Palabras al lector. Cenefas y remates. Texto impreso en dos columnas, con diferentes tipos y tamaños de letra, párrafos numerados. Mayúsculas capitales. Signatura y reclamos. Texto subrayado, en varias páginas. Papel manchado por humedad. Hoja con las páginas 109 y 110 está desgarrada. Conserva parcialmente los cierres de cuero | ||
| 505 | 1 | _aIntroducción al tema de sepulturas, 13 preludios -- Tratado 1, Libertad para elegir una sepultura eclesiástica ; Tratado 2, Fieles cristianos a los que está prohibida la sepultura eclesiástica ; Exequias y sufragios por los difuntos | |
| 506 | _aConsulta en sala | ||
| 546 | _aTexto en latín | ||
| 650 | 7 |
_aCostumbres funerarias _xObras anteriores a 1800 _912068 |
|
| 650 | 7 |
_aDerecho canónico _xObras anteriores a 1800 _929726 |
|
| 650 | 7 |
_aRitos y ceremonias fúnebres _xObras anteriores a 1800 _923829 |
|
| 690 |
_aDerecho canónico _912710 |
||
| 856 | 4 | 1 |
_uhttps://books.google.com.co/books?id=g2pjAAAAcAAJ&pg=PA246&dq=Praxis+nova+observanda+in+Ecclesiastis+Sepulturis,+christi+fidelibus+catholicis+tradendis+1678&hl=es&sa=X&redir_esc=y#v=onepage&q=Praxis%20nova%20observanda%20in%20Ecclesiastis%20Sepulturis%2C%20christi%20fidelibus%20catholicis%20tradendis%201678&f=false _zDisponible en línea |
| 942 |
_cLIBRO _a4 _e1 _2LOCAL _hE07N070 |
||
| 999 |
_c72344 _d72344 |
||